Silves

Saved in:
Bibliografiske detaljer
Hovedforfatter: Estacio, Publio Papinio (Author)
Format: Bog
Sprog:fransk
latin
Udgivet: París Les Belles Lettres 1961
Udgivelse:2a. ed
Serier:Collection des Universités de France
Fag:
Tags: Tilføj Tag
Ingen Tags, Vær først til at tagge denne postø!

MARC

LEADER 00000nam a2200000 a 4500
001 UCO5843
003 CL-VaPUC
008 000915e19610000FR |||||||||||||||||fre|d
041 0 7 |a fre  |2 CL-VaPUC 
041 0 7 |a lat  |2 CL-VaPUC 
082 0 4 |a 871  |b EST  |2 21 
100 0 |a Estacio, Publio Papinio  |e author  |9 450646 
245 1 0 |a Silves 
250 |a 2a. ed 
300 |a v 
942 |c BK 
945 |d 20000915 00:00:00  |a crobeson 
260 |a París  |b Les Belles Lettres  |c 1961 
500 |a v.1: Livres I-III 
500 |a v.2: Livres IV-V 
650 0 |a Literatura latina   |9 258055 
650 7 |a POESIAS LATINAS  |2 CL-VaPUC  |9 450647 
583 |a last modification  |c 20000915 00:00:00  |k Rodrigo Vera 
490 0 |a Collection des Universités de France 
999 |c 291673  |d 291671 
952 |0 0  |1 0  |4 0  |6 871_000000000000000_EST_1961  |7 0  |8 X  |9 341738  |a BIBART  |b BIBART  |d 2019-11-20  |h v.1  |i 1223860  |o 871 EST 1961  |p 1223860  |r 2025-03-13  |w 2019-11-20  |y BK_X  |k ART 
952 |0 0  |1 0  |4 0  |6 871_000000000000000_EST_1961  |7 0  |8 X  |9 341739  |a BIBART  |b BIBART  |d 2019-11-20  |h v.2  |i 1223879  |o 871 EST 1961  |p 1223879  |r 2025-03-13  |w 2019-11-20  |y BK_X  |k ART 
952 |0 0  |1 0  |4 0  |6 871_000000000000000_EST_1961  |7 0  |8 DER_ROM  |9 341740  |a BIBDER  |b BIBDER  |d 2019-11-20  |h v.1  |i 3864626  |o 871 EST 1961  |p 3864626  |r 2023-01-25  |w 2019-11-20  |x Ubicación 4to piso  |y BK  |z Este recurso debe solicitarse con anticipación  |k DER 
952 |0 0  |1 0  |4 0  |6 871_000000000000000_EST_1961  |7 0  |8 DER_ROM  |9 341741  |a BIBDER  |b BIBDER  |d 2019-11-20  |h v.2  |i 3864634  |o 871 EST 1961  |p 3864634  |r 2023-01-25  |w 2019-11-20  |x Ubicación 4to piso  |y BK  |z Este recurso debe solicitarse con anticipación  |k DER